MARC details
| 000 -CABECERA |
| campo de control de longitud fija |
02186nam a22004217a 4500 |
| 001 - NÚMERO DE CONTROL |
| campo de control |
BRCA_9207 |
| 003 - IDENTIFICADOR DEL NÚMERO DE CONTROL |
| campo de control |
FranzMayer |
| 005 - FECHA Y HORA DE LA ÚLTIMA TRANSACCIÓN |
| campo de control |
20220809135057.0 |
| 008 - DATOS DE LONGITUD FIJA--INFORMACIÓN GENERAL |
| campo de control de longitud fija |
220718b |||||||| |||| 00| 0 eng d |
| 020 ## - NÚMERO INTERNACIONAL ESTÁNDAR DEL LIBRO |
| Número Internacional Estándar del Libro |
9786076056097 |
| 040 ## - FUENTE DE LA CATALOGACIÓN |
| Lengua de catalogación |
spa |
| Centro/agencia transcriptor |
MFM |
| 041 ## - CÓDIGO DE LENGUA |
| Código de lengua del texto/banda sonora o título independiente |
spa |
| 050 00 - SIGNATURA TOPOGRÁFICA DE LA BIBLIOTECA DEL CONGRESO |
| Número de clasificación |
N910.M4.A6 |
| Número de documento/Ítem |
T47 2019 |
| 245 00 - MENCIÓN DE TÍTULO |
| Título |
Territorios de la memoria : |
| Resto del título |
1985-2019 / |
| Mención de responsabilidad, etc. |
Kitula Hernández, coordinación editorial y diseño ; José Manuel Springer, investigación y texto. |
| 264 #1 - PRODUCCIÓN, PUBLICACIÓN, DISTRIBUCIÓN, FABRICACIÓN Y COPYRIGHT |
| Producción, publicación, distribución, fabricación y copyright |
Ciudad de México : |
| Nombre del de productor, editor, distribuidor, fabricante |
Instituto Nacional de Bellas Artes, Museo de Arte Moderno, |
| Fecha de producción, publicación, distribución, fabricación o copyright |
2019. |
| 300 ## - DESCRIPCIÓN FÍSICA |
| Extensión |
103 p. : |
| Otras características físicas |
il., fot. ; |
| Dimensiones |
20 x 25 cm. + |
| Material acompañante/anejo |
Folleto (14.5 x 19 cm.) |
| 490 1# - MENCIÓN DE SERIE |
| Mención de serie |
Museos y galerías |
| 500 ## - NOTA GENERAL |
| Nota general |
Ubicación: L59-N5 |
| 500 ## - NOTA GENERAL |
| Nota general |
Catálogo publicado con motivo de la exposición "Territorios de la memoria. 1985-2019" realizada en el Museo de Arte Moderno de la Ciudad de México (6 de junio al 22 de septiembre de 2019). |
| 500 ## - NOTA GENERAL |
| Nota general |
Incluye imágenes de la Colección Franz Mayer (p. 35) |
| 500 ## - NOTA GENERAL |
| Nota general |
Incluye folleto "Territorios de la memoria. 1985-2019", guía de la exposición. |
| 504 ## - NOTA DE BIBLIOGRAFÍA, ETC. |
| Nota de bibliografía, etc. |
Bibliografía: p. 83 |
| 505 2# - NOTA DE CONTENIDO CON FORMATO |
| Título |
Cuatro territorios de la memoria / |
| Mención de responsabilidad |
José Manuel Springer |
| 505 2# - NOTA DE CONTENIDO CON FORMATO |
| Título |
La imagen dialógica |
| 505 2# - NOTA DE CONTENIDO CON FORMATO |
| Título |
Historia y memoria |
| 505 2# - NOTA DE CONTENIDO CON FORMATO |
| Título |
Territorios violentados |
| 505 2# - NOTA DE CONTENIDO CON FORMATO |
| Título |
La nación migra |
| 505 2# - NOTA DE CONTENIDO CON FORMATO |
| Título |
El duelo y lo que vendrá. |
| 520 ## - SUMARIO, ETC. |
| Sumario, etc. |
Exposición colectiva curada por José Manuel Springer, que reúne más de noventa obras de diferentes artistas multidisciplinarios. La muestra explora y denuncia la cruda realidad que ha golpeado el entorno social en las últimas tres décadas a partir de una narración en cuatro territorios temáticos. |
| Fuente proveedora |
- Lucina Jiménez, Directora general del Instituto Nacional de Bellas Artes y Literatura |
| 650 #0 - PUNTO DE ACCESO ADICIONAL DE MATERIA--TÉRMINO DE MATERIA |
| Término de materia o nombre geográfico como elemento de entrada |
Arte |
| Subdivisión cronológica |
Siglo XX |
| Subdivisión de forma |
Exposiciones |
| Subdivisión geográfica |
México |
| 9 (RLIN) |
28461 |
| 650 #0 - PUNTO DE ACCESO ADICIONAL DE MATERIA--TÉRMINO DE MATERIA |
| Término de materia o nombre geográfico como elemento de entrada |
Arte |
| Subdivisión cronológica |
Siglo XXI |
| Subdivisión de forma |
Exposiciones |
| Subdivisión geográfica |
México |
| 9 (RLIN) |
28462 |
| 650 #0 - PUNTO DE ACCESO ADICIONAL DE MATERIA--TÉRMINO DE MATERIA |
| Término de materia o nombre geográfico como elemento de entrada |
Fotografía artística |
| Subdivisión de forma |
Exposiciones |
| 650 #0 - PUNTO DE ACCESO ADICIONAL DE MATERIA--TÉRMINO DE MATERIA |
| Término de materia o nombre geográfico como elemento de entrada |
Art and society |
| Subdivisión geográfica |
México |
| Subdivisión de forma |
Exposiciones |
| 9 (RLIN) |
28463 |
| 651 #0 - PUNTO DE ACCESO ADICIONAL DE MATERIA--NOMBRE GEOGRÁFICO |
| Nombre geográfico |
México |
| Subdivisión de forma |
En el arte |
| -- |
Exposiciones |
| 9 (RLIN) |
28464 |
| 830 #0 - PUNTO DE ACCESO ADICIONAL DE SERIE-TÍTULO UNIFORME |
| Título uniforme |
Museos y galerías. |
| 9 (RLIN) |
239 |
| 942 ## - ELEMENTOS DE PUNTO DE ACCESO ADICIONAL (KOHA) |
| Fuente del sistema de clasificación o colocación |
Library of Congress Classification |
| Tipo de ítem Koha |
Libros |